000 00978nam a22002297a 4500
999 _c64139
_d64139
003 Ge_BSU
005 20260415165139.0
008 260415s2009 ge ||||| |||| 00| 0 geo d
020 _a9789941907609
041 _ageo
080 _a338.22(075.8) კ-17
100 _aკაკაბაძე, ვ.
_9522
245 _aბიზნესი :
_bპრინციპები და მიმართულებები /
_cავტორები : ვ. კაკაბაძე, ზ. კანდელაკი, თ. ჯოლბორდი.
264 _aთბილისი :
_bბარტონი,
_c2009.
300 _a557 გვ.;
_b29 სმ.
504 _aბიბლიოგრ. გვ. 543-556
653 _aბიზნესი
653 _aკონომიკა
700 _aკანდელაკი, ზ.
_eავტორი
_927321
700 _aჯოლბორდი, თ.
_eავტორი
_927322
942 _2udc
_cᲬᲘᲒᲜᲘ